Statistics for Biggest U.S. Cities by Letter - A

Click here to take the quiz!

General Stats

  • This quiz has been taken 42,170 times
    (8,617 since last reset)
  • The average score is 12 of 21

Answer Stats

Pop State Hint City % Correct
964,254TexasCapitalAustin
98%
498,044GeorgiaCoca-colaAtlanta
95%
560,218N. Mexico"Breaking Bad"Albuquerque
85%
291,538AlaskaBiggest in stateAnchorage
84%
352,005CaliforniaDisneylandAnaheim
81%
398,112TexasBallparkArlington
78%
237,521VirginiaCemeteryArlington
78%
199,924TexasMeans "yellow"Amarillo
63%
98,566New YorkHudson RiverAlbany
61%
121,890MichiganUniversityAnn Arbor
59%
196,939GeorgiaGolf tourneyAugusta
59%
198,006OhioRubberAkron
55%
199,602Illinois"Wayne's World"Aurora
54%
374,114ColoradoDenver suburbAurora
54%
103,383TexasDallas suburbAllen
40%
125,964GeorgiaR.E.M.Athens
39%
121,433Penn.Billy Joel songAllentown
38%
160,530VirginiaD.C. suburbAlexandria
37%
122,999TexasCows and oilAbilene
22%
120,492ColoradoDenver suburbArvada
14%
111,535CaliforniaBay AreaAntioch
11%

Score Distribution

Percentile by Number Answered

Percent of People with Each Score

Your Score History

You have not taken this quiz since the last reset